| 000 | 00435nam a22001817a 4500 | ||
|---|---|---|---|
| 003 | OST | ||
| 005 | 20220830181903.0 | ||
| 008 | 220830b |||||||| |||| 00| 0 eng d | ||
| 020 | _aNA | ||
| 040 | _cBT-PhCST | ||
| 050 | _a4366 | ||
| 082 |
_222 _a629.8 |
||
| 100 | _aJohnson, Curtis D. and Malki, Heidar A. | ||
| 245 | _aControl systems technology / | ||
| 260 |
_bPrentice Hall, _cc2002. |
||
| 300 |
_a0 _bill. ; |
||
| 942 |
_2ddc _cEE _02 |
||
| 999 |
_c2507 _d2507 |
||